5. mezinárodní kolokvium o cestovním ruchu sborník příspěvků : Pavlov, 11. - 12. září 2014

Salvato in:
Dettagli Bibliografici
Enti autori: Mezinárodní kolokvium o cestovním ruchu, Ekonomicko-správní fakulta Masarykovy university. Katedra regionální ekonomie a správy, Společnost vědeckých expertů cestovního ruchu (SVECR), z.s
Altri autori: Holešinská, Andrea
Natura: Libro
Lingua:ceco
Pubblicazione: Brno Masarykova univerzita 2014
Edizione:1. vydání
Soggetti:
Tags: Aggiungi Tag
Nessun Tag, puoi essere il primo ad aggiungerne!!

MARC

LEADER 00000nlm a2200000 4500
001 0240601
005 20220830092211.6
020 |a 978-80-210-7585-6 
041 0 |a cze 
044 |a CZ 
245 1 0 |a 5. mezinárodní kolokvium o cestovním ruchu  |b sborník příspěvků : Pavlov, 11. - 12. září 2014  |c editorka: Andrea Holešinská 
250 |a 1. vydání 
264 1 |a Brno  |b Masarykova univerzita  |c 2014 
300 |a CD-ROM [115 s.] 
610 2 0 |a ruch cestovný 
610 2 0 |a marketing destinačný 
610 2 0 |a manažment destinačný 
610 2 0 |a rozvoj trvalo udržateľný 
700 1 |a Holešinská, Andrea 
110 2 |a Mezinárodní kolokvium o cestovním ruchu 
710 2 |a Ekonomicko-správní fakulta Masarykovy university. Katedra regionální ekonomie a správy 
710 2 |a Společnost vědeckých expertů cestovního ruchu (SVECR), z.s.